Manuel Martínez Azaña, Barataria / (Record no. 183528)

MARC details
000 -LEADER
campo de control de longitud fija 01297nam a2200325 i 4500
001 - NÚMERO DE CONTROL
campo de control 183528
003 - IDENTIFICADOR DE NÚMERO DE CONTROL
campo de control ES-MaACL
005 - FECHA Y HORA DE LA ÚLTIMA TRANSACCIÓN
campo de control 20240224062546.0
008 - DATOS DE LONGITUD FIJA--INFORMACIÓN GENERAL
campo de control de longitud fija 140714s2013 sp a | |||||||| | spa d
020 ## - NÚMERO INTERNACIONAL ESTÁNDAR DEL LIBRO
Número Internacional Estándar del Libro 978-84-8472-766-8
080 ## - NÚMERO DE LA CLASIFICACIÓN DECIMAL UNIVERSAL
Número de la Clasificación Decimal Universal 821.134.2-2"19"
080 ## - NÚMERO DE LA CLASIFICACIÓN DECIMAL UNIVERSAL
Número de la Clasificación Decimal Universal 821.134.2 Martínez Azaña, Manuel 7 Barataria.07
245 00 - MENCIÓN DEL TÍTULO
Título Manuel Martínez Azaña, Barataria /
Mención de responsabilidad, etc. edición de Verónica Azcue Castillón.
260 ## - PUBLICACIÓN, DISTRIBUCIÓN, ETC.
Lugar de publicación, distribución, etc. [Sevilla] :
Nombre del editor, distribuidor, etc. Renacimiento,
Fecha de publicación, distribución, etc. imp. 2013.
300 ## - DESCRIPCIÓN FÍSICA
Extensión 131 p. :
Otras características físicas 1 retr. ;
Dimensiones 22 cm.
490 1# - MENCIÓN DE SERIE
Mención de serie Biblioteca del exilio ;
Designación de volumen o secuencia 47
504 ## - NOTA DE BIBLIOGRAFÍA, ETC.
Nota de bibliografía, etc. Bibliografía: p. 64-67.
505 8# - NOTA DE CONTENIDO CON FORMATO
Nota de contenido con formato Contiene: ;
Título Barataria /
Mención de responsabilidad de D. Miguel de Cervantes ; versión teatral de Germán Luis y Manuel Martínez Azaña(
Información miscelánea p. [71]-131)
700 1# - ENTRADA AGREGADA--NOMBRE PERSONAL
Nombre de persona Martínez Azaña, Manuel
9 (RLIN) 77873
700 1# - ENTRADA AGREGADA--NOMBRE PERSONAL
Nombre de persona Azcue Castillón, Verónica.
9 (RLIN) 154951
700 02 - ENTRADA AGREGADA--NOMBRE PERSONAL
Nombre de persona Gefingal (
Fechas asociadas al nombre 1934-)
9 (RLIN) 154952
700 1# - ENTRADA AGREGADA--NOMBRE PERSONAL
Nombre de persona Cervantes Saavedra, Miguel de,
Fechas asociadas al nombre 1547-1616
9 (RLIN) 226514
740 02 - ENTRADA AGREGADA--TÍTULO RELACIONADO/ANALÍTICO NO CONTROLADO
Título relacionado o analítico no controlado Barataria.
830 0# - PUNTO DE ACCESO ADICIONAL DE SERIE-TÍTULO UNIFORME
Título uniforme Biblioteca del exilio ;
Designación de volumen o secuencia 47
9 (RLIN) 180374
852 ## - LOCALIZACIÓN
Ubicación ES-MaACL
Número de control de estantería A-13141
itemnumber 190469
Sublocalización o colección R.149885
Ubicación en estantería Depósito 1
Signatura antigua Olim:N-6141
Donativo/Legado Donación: José Esteban
903 ## - NOMBRE PERSONAL DE DONANTE
a Esteban, José,
d 1935-
e Donante
9 48033
942 ## - ELEMENTOS DE ENTRADA SECUNDARIOS (KOHA)
Fuente del sistema de clasificación o colocación Clasificación decimal universal
Tipo de ítem Koha Libro impreso
Holdings
Estatus retirado Estado de pérdida Fuente del sistema de clasificación o colocación Estado de daño No para préstamo Biblioteca de origen Biblioteca actual Ubicación en estantería Fecha de adquisición Fuente de adquisición Número de control de estantería Total de préstamos Signatura topográfica completa Código de barras Visto por última vez Precio de reemplazo Tipo de ítem Koha
    Clasificación decimal universal     Biblioteca del Ateneo de Madrid Biblioteca del Ateneo de Madrid Depósito 1 14/07/2014 Donación 1   A-13141 1192905 23/02/2023 23/02/2023 Libro impreso